000 01072nam a2200253Ia 4500
003 OSt
005 20221005111116.0
006 a|||||r|||| 00| 0
007 ta
008 221004b |||||||| |||| 00| 0 per d
020 _a8170558166 (hbk)
_c400
024 _a94125
037 _b560, 23/03/2009, Vani Prakashan
_cTextual
040 _aCRL
_cCRL
_bper
041 _2per
_aper
082 _aO164,1G53x, 152N0;P2
100 _aनारंग, गोपी चंद
245 0 _aअमीर ख़ुसरो का हिन्दवी काव्य
_b श्प्रिंगर संग्रह की बर्लिन प्रति सहित
246 _aAmīr ख़usaro kā hindavī kāvya: shpriangar sangrah kī barlin prati sahita
260 _aनई दिल्ली
_bवाणी प्रकाशन भारत
_c2002
300 _a142पृ0
_ccm.
942 _hO164,1G53x, 152N0;P2
_cTEXL
_2cc
999 _c1020849
_d1020849